Les ânes de fiction par images - Statistiques

Statistiques générales
  • Ce quiz a été pris 85 fois
  • Le résultat moyen est 4 sur 12
Statistiques - réponses
Par images Réponse % Correct
Trotro
90%
L'Âne
88%
Bourriquet
81%
Peau d'âne
77%
Cannabis
42%
Ariol
38%
Anatole
9%
Cadichon
6%
Crapule
3%
Gris-Gris
3%
Balthazar
0%
Pom
0%
Aucun quiz correspondant
Distribution des résultats
% des personnes avec chaque résultat
Percentile par nombre de réponses
Votre historique - résultats
Vous n’avez pas pris ce quiz